Culture Générale - Série 1715 - Statistiques

Statistiques générales
  • Ce quiz a été pris 119 fois
  • Le résultat moyen est 6 sur 10
Statistiques - réponses
Question Réponse % Correct
On parle d'une grossesse "gémellaire", lorsqu'une femme enceinte attend des... jumeaux
95%
Complétez le fameux slogan de la Prévention routière : "Boire ou conduire : il faut... choisir
94%
Quel mot, d'origine allemande, désigne le couvre-chef rigide à visière, associé en France à l'image du gendarme ? képi
85%
L'Etat insulaire des Petites Antilles, situé au large du Venezuela, s'appelle Trinité-et-... Tobago
85%
Par quel nom de mammifère carnivore désigne-t-on communément, en Méditerranée, le poisson appelé "bar" ? loup
57%
Quel acteur interprète Jason Bourne, dans les adaptations cinématographiques réalisées d'après l'oeuvre de Robert Ludlum ? Matt Damon
43%
Quel footballeur détient le record du nombre de buts marqués en une seule édition de phase finale de Coupe du monde ? Just Fontaine
39%
Quelle est la nationalité du romancier John le Carré, auteur du roman "Un homme très recherché", en 2008 ? britannique
26%
De quel pays africain Ali Bongo est-il l'actuel président ? Gabon
26%
Quel est le prénom de l'ancien président de ce pays (père d'Ali Bongo) ? Omar
21%
Aucun quiz correspondant
Distribution des résultats
% des personnes avec chaque résultat
Percentile par nombre de réponses
Votre historique - résultats
Vous n’avez pas pris ce quiz